NCAA FOOTBALL TEAMS.. WHICH STATE ARE THEY FROM? - Statistics

General Stats
  • This quiz has been taken 156 times
  • The average score is 22 of 28
Answer Stats
Hint Answer % Correct
Auburn Tigers Alabama
95%
Notre Dame Fighting Irish Indiana
92%
Stanford Cardinal California
91%
Syracuse Orange New York
90%
Vanderbilt Commodores Tennessee
90%
Clemson Tigers South Carolina
89%
Baylor Bears Texas
89%
Tulane Green Wave Louisiana
86%
Duke Blue Devils North Carolina
86%
SMU Mustangs Texas
86%
Purdue Boilermakers Indiana
84%
Rutgers Scarlet Knights New Jersey
83%
Bowling Green Falcons Ohio
83%
BYU Cougars Utah
83%
Rice Owls Texas
82%
Wake Forest Demon Deacons North Carolina
81%
Air Force Falcons Colorado
79%
Kent State Golden Flashes Ohio
77%
Appalachian State Mountaineers North Carolina
75%
Temple Owls Pennsylvania
74%
Army Black Knights New York
73%
James Madison Dukes Virginia
71%
Marshall Thundering Herd West Virginia
70%
Ball State Cardinals Indiana
68%
Old Dominion Monarchs Virginia
68%
Troy Trojans Alabama
67%
Navy Midshipmen Maryland
64%
Liberty Flames Virginia
62%
No matching quizzes found
Score Distribution
Percent of People with Each Score
Percentile by Number Answered
Your Score History
You have not taken this quiz